000
00310nam a22001337a 4500
008
181102b xxu||||| |||| 00| 0 eng d
020
_a
0030475112
041
_a
eng
080
_a
101
100
_a
24
101
_a
FIL
245
_a
The Study of Philosophy An Introduction
_c
Engel,S.M
942
_2
udc
_c
BK
999
_c
51763
_d
51763